| 000 | 00719nam a2200253Ia 4500 | ||
|---|---|---|---|
| 003 | OSt | ||
| 005 | 20221005041437.0 | ||
| 006 | a|||||r|||| 00| 0 | ||
| 007 | ta | ||
| 008 | 221004b |||||||| |||| 00| 0 eng d | ||
| 020 |
_a9789380607115 (pbk) _c649 |
||
| 024 | _a115812 | ||
| 037 |
_b2843, 01/02/2012, The Book Seller _cTextual |
||
| 040 |
_aCRL _cCRL _beng |
||
| 041 |
_2eng _aeng |
||
| 082 | _aX:51, Q1 | ||
| 100 | _aShajahan S | ||
| 245 | 0 | _aApplied case studies in marketing | |
| 260 |
_aDelhi _bPrimus Books India _c2011 |
||
| 300 |
_axxxiv,558p. _ccm. |
||
| 650 | _aECONOMICS | ||
| 942 |
_hX:51, Q1 _cTEXL _2cc |
||
| 999 |
_c948518 _d948518 |
||